<?xml version="1.0" encoding="UTF-8"?>
<record
    xmlns:xsi="http://www.w3.org/2001/XMLSchema-instance"
    xsi:schemaLocation="http://www.loc.gov/MARC21/slim http://www.loc.gov/standards/marcxml/schema/MARC21slim.xsd"
    xmlns="http://www.loc.gov/MARC21/slim">

  <leader>00740naa a2200181   4500</leader>
  <controlfield tag="001">KS201903121211bd</controlfield>
  <controlfield tag="003">CH-000902-1</controlfield>
  <controlfield tag="005">20200613184211.0</controlfield>
  <controlfield tag="008">      t1910    gw                  ger  </controlfield>
  <datafield tag="040" ind1=" " ind2=" ">
    <subfield code="c">KS Beda</subfield>
  </datafield>
  <datafield tag="100" ind1="1" ind2=" ">
    <subfield code="9">3891</subfield>
    <subfield code="a">Brandis, Ferdinand</subfield>
  </datafield>
  <datafield tag="245" ind1="1" ind2="4">
    <subfield code="a">Der Volksschulunterricht der katholischen Kinder in den deutschen Bundesstaaten :</subfield>
    <subfield code="b">Eine Studie /</subfield>
    <subfield code="c">von Ferdinand Brandis</subfield>
  </datafield>
  <datafield tag="260" ind1=" " ind2=" ">
    <subfield code="c">1910</subfield>
  </datafield>
  <datafield tag="300" ind1=" " ind2=" ">
    <subfield code="a">28 S. ;</subfield>
    <subfield code="c">26 cm</subfield>
  </datafield>
  <datafield tag="500" ind1=" " ind2=" ">
    <subfield code="a">In: Frankfurter zeitgem&#xE4;&#xDF;e Brosch&#xFC;ren. - 29 (1910). - Heft 7 (S. 209-236)</subfield>
  </datafield>
  <datafield tag="942" ind1=" " ind2=" ">
    <subfield code="2">ddc</subfield>
    <subfield code="c">ARTIKEL</subfield>
  </datafield>
  <datafield tag="999" ind1=" " ind2=" ">
    <subfield code="c">13993</subfield>
    <subfield code="d">13993</subfield>
  </datafield>
  <datafield tag="773" ind1="0" ind2=" ">
    <subfield code="0">13537</subfield>
    <subfield code="9">70586</subfield>
    <subfield code="a"></subfield>
    <subfield code="b"></subfield>
    <subfield code="d">Frankfurt : A. Foesser ; Hamm : Breer &amp; Thiemann, 1880-1922</subfield>
    <subfield code="o">035401</subfield>
    <subfield code="t">Frankfurter zeitgem&#xE4;sse Brosch&#xFC;ren</subfield>
    <subfield code="w">(CH-000902-1)KS201907181636bd</subfield>
    <subfield code="x"></subfield>
    <subfield code="z"></subfield>
  </datafield>
</record>
